000
00334nam a2200133Ia 4500
008
230411s9999 xx 000 0 und d
041
_a
eng
082
_a
F/617.93/PAR/B04411
100
_a
Parulekar Shashank
245
_a
Bandages
260
_b
Vora Medical Publications
_a
Mumbai
_c
1999
300
_a
96p
999
_c
155079
_d
155079